000 00562nam a22001937a 4500
005 20251108165322.0
008 250721s1988 xx 000 0 ara d
082 1 4 _a634/جان
100 1 _aجانيك،
245 1 0 _aعلم البساتين /
246 1 1 _aHorticultural Science
250 _aط2
264 1 _aالقاهرة :
_bالدار العربية للنشر و التوزيع،
_c1988.
300 _a659ص
650 1 7 _aعلم البساتين
700 1 _aسوريال، جميل فهيم
_eترجمة
942 _2ddc
_cBK
999 _c24970
_d24970